Sermón que en honor de la Natividad de la Santísima Virgen María, predicó en la parroquia de Cuquio, su actual cura

Detalles Bibliográficos
Autor principal: GUTIÉRREZ, Pedro
Formato: Libro
Publicado: Guadalajara 1877
Materias:
Colección:Banco de datos
Acervo:Biblioteca del Ex Convento de Nuestra Señora de Guadalupe. Zacatecas
Tema general:Homilética
Notas:Buena. X,11,13(3349). Encuadernada en un solo volumen con once más. Sin marca de fuego
LEADER 00790nam a22001930004500
035 |a 42298 
036 |a 3482 
100 1 |a GUTIÉRREZ, Pedro 
245 1 0 |a Sermón que en honor de la Natividad de la Santísima Virgen María, predicó en la parroquia de Cuquio, su actual cura 
260 |a Guadalajara  |b N. Parga  |c 1877 
500 |a Buena. X,11,13(3349). Encuadernada en un solo volumen con once más. Sin marca de fuego 
650 1 0 |a Homilética 
949 |a CRZ-CG 
959 |a Ex convento de Nuestra Señora de Guadalupe, Museo Regional de Zacatecas, Zacatecas  |b CCC4 
960 |a Convento de Nuestra Señora de Guadalupe, Zacatecas  |b DD87 
961 |a Franciscana  |b OF 
942 |c CRZ-CG 
943 |g Biblioteca del Ex Convento de Nuestra Señora de Guadalupe. Zacatecas 
999 |c 966425  |d 966425